书目信息 |
| 题名: |
GIA 宝石实验室鉴定手册
|
|
| 作者: | 美国珠宝学院 著 | |
| 分册: | ||
| 出版信息: | 武汉 中国地质大学出版社 1989.03 |
|
| 页数: | 155页 | |
| 开本: | 16开 | |
| 丛书名: | ||
| 单 册: | ||
| 中图分类: | P575 | |
| 科图分类: | ||
| 主题词: | 矿物学P58 | |
| 电子资源: | ||
| ISBN: | 7-5625-0180-7 | |
| 000 | 00591nam0 2200193 45 | |
| 001 | 0008091557 | |
| 005 | 20000809155153.1 | |
| 010 | @a7-5625-0180-7@d10.00元 | |
| 100 | @a20000809d1989 km y0chiy0120 ea | |
| 101 | 0 | @achi |
| 105 | @a z 000yy | |
| 200 | 1 | @aGIA 宝石实验室鉴定手册@AGIA Bao Shi Shi Yan Shi Jian Ding Shou Ce@f美国珠宝学院 著@FMei Guo Zhu Bao Xue Yuan Zhu |
| 210 | @a武汉@c中国地质大学出版社@d1989.03 | |
| 215 | @a155页@d16开 | |
| 606 | 0 | @a矿物学P58 |
| 690 | @aP575@v3 | |
| 701 | 0 | @a美国珠宝学院@4著 |
| 801 | @aCN@bPftUser@c20000809 | |
| 905 | @b100888-890@dP575@eM:965@f3 | |
| GIA 宝石实验室鉴定手册/美国珠宝学院 著.-武汉:中国地质大学出版社,1989.03 |
| 155页;16开 |
| ISBN 7-5625-0180-7:10.00元 |
| ● |
| 相关链接 |
|
|
|
正题名:GIA宝石实验室鉴定手册
索取号:P575/M:965
 
预约/预借
| 序号 | 登录号 | 条形码 | 馆藏地/架位号 | 状态 | 备注 |
| 1 | 100888 | 201008881 | 期刊室512/401自科库 124排1列5层/ [索取号:P575/M:965] | 在馆 | |
| 2 | 100889 | 201008890 | 自科库401/401自科库 129排2列4层/ [索取号:P575/M:965] | 在馆 | |
| 3 | 100890 | 201008907 | 期刊室512/401自科库 124排1列5层/ [索取号:P575/M:965] | 在馆 |